000 00853nam a2200193Ii 4500
003 JO-AjNU
008 230605s9999||||xx |||||||||||||| ||und||
040 _aJO-AjNU
_bara
_erda
_cJO-AjNU
041 _aara
050 1 4 _aHC415.25.2002
100 3 _aنصر،محمد؛تحرير لغوي عبدالرحمن ابو شمالة؛ترجمة شرين عبدالرزاق,
_eauthor
_910374
245 0 0 _aدور القطاع الصناعي في التنمية الاقتصادية الفلسطينية
264 3 1 _aرام الله:معهد ابحاث السياسات الاقتصادية الفلسطيني(ماس)،2002
300 _a109ص
336 _atext
_btxt
_2rdacontent
337 _aunmediated
_bn
_2rdamedia
338 _avolume
_bnc
_2rdacarrier
650 4 _aاحوال اقتصادية-سياسة اقتصادية-صناعات-فلسطين
_910375
999 _aA1774
_c5342
_d5342